Biblioteca

Religión, cultura y sociedad en Colombia (Registro nro. 64799)

Detalles MARC
000 -LÍDER
Campo fijo de descripción fija 01322cam a2200373 i 4500
001 - NÚMERO DE CONTROL
Campo de control 768714001
003 - IDENTIFICADOR DEL NÚMERO DE CONTROL
Campo de control CO-MdFUSB
005 - FECHA Y HORA DE LA ULTIMA TRANSACCIÓN
control field 20190206112737.0
008 - ELEMENTOS DE LONGITUD FIJA -- INFORMACIÓN GENERAL
Campo fijo de descripción fija -- Información general 050512t 2004ck ado r 001 0 spa d
020 ## - NÚMERO INTERNACIONAL NORMALIZADO PARA LIBROS
Número Internacional Normalizado del libro 9588249023
040 ## - FUENTE DE CATALOGACIÓN
Agencia de catalogación original CO-BoPUV
Idioma de catalogación spa
Agencia que realiza la transcripción CO-MdFUSB
Agencia que realiza la modificación CO-MdFUSBC
Convenciones de la descripción rda
041 1# - CÓDIGO DE IDIOMA
Código de idioma para texto/pista de sonido o título separado spa
Código de idioma original eng
043 ## - GEOGRAPHIC AREA CODE
Geographic area code s-ck-ab
082 04 - NÚMERO DE CLASIFICACIÓN DECIMAL DEWEY
Número de clasificación 986.106
Número de la edición del Dewey 22
Clave de autor-Numero de item L847r
100 1# - ASIENTO PRINCIPAL--NOMBRE PERSONAL
Nombre personal Londoño Vega, Patricia
245 10 - TÍTULO
Título del Material Religión, cultura y sociedad en Colombia
Parte restante del título - Subtitulo Medellín y Antioquia, 1850-1930
Mención de responsabilidad, etc. Patricia Londoño Vega ; traducción Carlos José Restrepo
250 ## - MENCIÓN DE EDICIÓN
Mención de edición 1a ed.
264 #1 - PRODUCCIÓN, PUBLICACIÓN, DISTRIBUCIÓN, MANUFACTURA, Y COPYRIGHT
Lugar de producción, publicación, distribución, manufactura Bogotá
Nombre del productor, publicador, distribuidor Fondo de Cultura Económica,
Fecha de producción, publicación, distribución, manufactura, o copyright [2004]
264 #4 - PRODUCCIÓN, PUBLICACIÓN, DISTRIBUCIÓN, MANUFACTURA, Y COPYRIGHT
Fecha de producción, publicación, distribución, manufactura, o copyright ©2004
300 ## - DESCRIPCIÓN FÍSICA
Extensión xii, 449 páginas. :
Otros detalles físicos iIustraciones, cuadros, fotos y tablas
Dimensiones 24 cm.
336 ## - TIPO DE CONTENIDO
Fuente rdacontent
Término de tipo de contenido texto
Código de tipo de contenido txt
337 ## - TIPO DE MEDIO
Fuente rdamedia
Nombre del tipo de medio sin mediación
Código del tipo de medio n
338 ## - TIPO DE SOPORTE
Fuente rdacarrier
Nombre del tipo de soporte volumen
Código Tipo de soporte nc
440 #0 - MENCIÓN DE SERIE /ASIENTO SECUNDARIO-- TITULO
Nombre de la parte/sección de una obra Serie continente americano
534 ## - NOTA DE VERSION ORIGINAL
Title statement of original Religion, culture and society in Colombia: Medellíin and Antioquia 1850-1930.
563 ## - NOTA DE ENCUADERNACIÓN
Nota de encuadernación Rústico
650 20 - ASIENTO SECUNDARIO DE MATERIA - TERMINO TEMÁTICO
Término temático o nombre geográfico como elemento de entrada Iglesia y Estado
Subdivisión geográfica Antioquia (Colombia) 1850-1930
Subdivisión cronológica 1850-1930
9 (RLIN) 1483
650 27 - ASIENTO SECUNDARIO DE MATERIA - TERMINO TEMÁTICO
Término temático o nombre geográfico como elemento de entrada Religión y cultura
Subdivisión geográfica Antioquia (Colombia)
Subdivisión cronológica 1850-1930
9 (RLIN) 388
700 1# - ASIENTO SECUNDARIO - NOMBRE PERSONAL
Nombre personal Restrepo López, Carlos José
Fechas asociadas con el nombre 1953-
942 ## - TIPO DE MATERIAL (KOHA)
Tipo de Item KOHA Libros General
Existencias
Estado de Material Estado de Perdido Forma de Clasificación Estado de Dañado No para Préstamo Biblioteca de Origen Biblioteca Permanente Fecha de Adquisición Forma de Adquisición Total de Préstamos Signatura Topográfica Código de Barras Última vez visto Última vez Préstado Ejemplar/Existencia Fecha de Remplazo Tipo de Material
    Dewey Decimal Classification     Biblioteca FUSBC Biblioteca FUSBC 06/02/2019 Compra 3 G 986.106 L847r 28740 27/05/2025 02/06/2022 Ej. 1 06/02/2019 Libros General

Biblioteca FUSBC | Teléfono: (57+4) 349 88 10 Ext. 141| WhatsApp (+57) 3005338115 
E-mail: biblioteca@unisbc.edu.co | Calle 76 87-14 Robledo Palenque, Medellín, Colombia

Con tecnología Koha